000 01073cam a2200277 a 4500
999 _c19870
_d19870
001 4000376
003 OSt
005 20170117162354.0
008 961126s1997 dcua b 001 0 eng
010 _a 96046770
020 _a1555811027 (hardcover)
040 _aDLC
_cDLC
_dDLC
050 0 0 _aQH434
_b.S96 1997
100 1 _aSnyder, Larry.
245 1 0 _aMolecular genetics of bacteria /
_cLarry Snyder and Wendy Champness.
260 _aWashington, D.C. :
_bASM Press,
_cc1997.
300 _axxii, 504 p. :
_bill. (some col.) ;
_c29 cm.
504 _aIncludes bibliographical references and index.
650 0 _aBacterial genetics.
650 0 _aBacteriophages
_xGenetics.
650 0 _aMolecular genetics.
700 1 _aChampness, Wendy.
942 _2lcc
_cBOOKS
_hQH434 .S96 1997